Countering bribery and corruption, money laundering and terrorist financing (Record no. 116276)

MARC details
000 -LEADER
fixed length control field 01479cam a22002895a 4500
001 - CONTROL NUMBER
control field L160204
008 - FIXED-LENGTH DATA ELEMENTS--GENERAL INFORMATION
fixed length control field 190219s2019 xxk f 000 0 eng d
020 ## - INTERNATIONAL STANDARD BOOK NUMBER
International Standard Book Number 9781783213306
035 ## - SYSTEM CONTROL NUMBER
System control number (Sirsi) u160204
041 0# - LANGUAGE CODE
Language code of text/sound track or separate title eng
110 2# - MAIN ENTRY--CORPORATE NAME
Corporate name or jurisdiction name as entry element Royal Institution of Chartered Surveyors
9 (RLIN) 4900
245 00 - TITLE STATEMENT
Title Countering bribery and corruption, money laundering and terrorist financing
Medium [electronic resource]
250 ## - EDITION STATEMENT
Edition statement 1st ed
260 ## - PUBLICATION, DISTRIBUTION, ETC.
Place of publication, distribution, etc. London
Name of publisher, distributor, etc. RICS
Date of publication, distribution, etc. 2019
300 ## - PHYSICAL DESCRIPTION
Extent iv, 24 p ; 30 cm
490 #0 - SERIES STATEMENT
Series statement RICS professional standards and guidance, global
520 ## - SUMMARY, ETC.
Summary, etc. Sets out mandatory requirements for RICS members and RICS-regulated firms in relation to bribery, corruption, money laundering and terrorist financing. It includes:Mandatory requirements for anti-bribery and corruption and for anti-money laundering and terrorist financing, Guidance setting out supporting good practice regarding each of these area and Supplementary guidance on some key concepts (such as risk, reliance and departures) described in parts 1 and 2.
520 ## - SUMMARY, ETC.
Summary, etc. Effective from 1 September 2019
590 ## - LOCAL NOTE (RLIN)
Local note NTK
650 24 - SUBJECT ADDED ENTRY--TOPICAL TERM
Topical term or geographic name entry element MONEY LAUNDERING
650 24 - SUBJECT ADDED ENTRY--TOPICAL TERM
Topical term or geographic name entry element CORRUPTION
650 24 - SUBJECT ADDED ENTRY--TOPICAL TERM
Topical term or geographic name entry element TERRORISM
651 #4 - SUBJECT ADDED ENTRY--GEOGRAPHIC NAME
Geographic name International
690 ## - LOCAL SUBJECT ADDED ENTRY--TOPICAL TERM (OCLC, RLIN)
Topical term or geographic name as entry element Business and management
9 (RLIN) 6226
856 40 - ELECTRONIC LOCATION AND ACCESS
Uniform Resource Identifier <a href="https://www.rics.org/content/dam/ricsglobal/documents/standards/Countering%20bribery_%20corruption_%20money%20laundering%20and%20terrorist%20financing.pdf">https://www.rics.org/content/dam/ricsglobal/documents/standards/Countering%20bribery_%20corruption_%20money%20laundering%20and%20terrorist%20financing.pdf</a>
Public note Available free on RICS.org
942 ## - ADDED ENTRY ELEMENTS (KOHA)
Suppress in OPAC 0
Source of classification or shelving scheme Dewey Decimal Classification
Holdings
Withdrawn status Lost status Source of classification or shelving scheme Damaged status Not for loan Home library Current library Shelving location Date acquired Total Checkouts Full call number Barcode Date last seen Copy number Price effective from Koha item type
    Dewey Decimal Classification     London London Archive copy 19/02/2019   2010/1 RICS 30078963 06/08/2019 1 06/08/2019 Book
    Dewey Decimal Classification     London London RICS Boxes 19/02/2019   2010/1 RICS 30078959 06/08/2019 2 06/08/2019 Book
    Dewey Decimal Classification     Virtual Virtual Online 19/02/2019   ONLINE PUBLICATION 160204-2001 23/08/2023 1 06/08/2019 Book